Anglo-Texan attitudes toward the Mexican, 1821-1845 /

Bibliographic Details
Main Author: Crisp, James E., 1946-
Format: Thesis Book
Language:English
Published: [Place of publication not identified] : [publisher not identified] ; 1976.
Subjects:

MARC

Tag First Indicator Second Indicator Subfields
LEADER 00000cam a2200000 a 4500
001 in00000656513
005 20151015073718.0
008 780725r19791976miub b 00010 engmd
035 |a (OCoLC)04083933 
035 |9 ACX2082AM 
040 |a IXA  |c IXA  |d TXA  |d UtOrBLW 
043 |a n-us-tx 
049 |a TXAM  |c [984624] 
090 |a F395.M5  |b C758 1979 
100 1 |a Crisp, James E.,  |d 1946- 
245 1 0 |a Anglo-Texan attitudes toward the Mexican, 1821-1845 /  |c by James Ernest Crisp. 
264 1 |a [Place of publication not identified] :  |b [publisher not identified] ;  |c 1976. 
300 |a vii, 474 leaves :  |b maps. 
336 |a text  |b txt  |2 rdacontent 
337 |a unmediated  |b n  |2 rdamedia 
338 |a volume  |b nc  |2 rdacarrier 
500 |a "The bulk of the study is devoted to the Republic of Texas (1836-1846) and the place of the Mexican in the minds of its citizens"--Abstract. 
500 |a Photocopy of typescript. Ann Arbor, Mich. : University Microfilms International, 1979. 21 cm. 
502 |b Ph. D.  |c Yale University  |d 1976. 
504 |a Bibliography: leaves 465-474. 
650 0 |a Mexicans  |z Texas  |x History. 
650 0 |a Minorities  |z Texas  |x Public opinion  |x History. 
650 0 |a Public opinion  |z Texas  |x History. 
651 0 |a Texas  |x History  |y To 1846. 
651 0 |a Texas  |x Race relations. 
999 |a MARS 
999 f f |s a9084413-e1c7-3931-8ecf-b7a9894a5614  |i c31a8228-33fa-31a9-b10b-d8ededfc7166  |t 0 
952 f f |p normal  |a Texas A&M University  |b College Station  |c Sterling C. Evans Library  |s Evans stk  |d Evans: Library Stacks  |t 0  |e F395.M5 C758 1979  |h Library of Congress classification  |i unmediated -- volume  |m A14802299335 
998 f f |a F395.M5 C758 1979  |t 0  |l Evans: Library Stacks